000 00844nmm a2200301 a 4500
003 AR-BaBNM
005 20251128204229.0
008 295019s1991 ||||||||||||||000 | spa||
020 _a84-331-0508-6
040 _cAR-BaBNM
100 1 _aVallés Arándiga, Antonio
245 1 0 _aComo corregir errores de inversión de sílabas
260 _aMadrid
_bEditorial Escuela Española
_c1991
300 0 _a165 p.
_bil.
650 4 _aENSENANZA DE LA LECTURA
650 4 _aENSENANZA DE LA ESCRITURA
650 4 _aMEJORA DE LA ESCRITURA
650 4 _aACTIVIDADES DE APRENDIZAJE
650 4 _aDIFICULTADES EN EL APRENDIZAJE
650 4 _aPROCESO DE APRENDIZAJE
650 4 _aESTIMULOS VISUALES
650 4 _aFONETICA
650 4 _aMETODO FONICO
650 4 _aMADURACION
653 0 _aLECTOESCRITURA
942 _cBK
998 _cCarmen
999 _c6638
_d6638